Culture Générale - Série 2537 - Statistiques

Statistiques générales
  • Ce quiz a été pris 129 fois
  • Le résultat moyen est 5 sur 10
Statistiques - réponses
Question Réponse % Correct
De quel pays Oulan-Bator est-elle la capitale ? Mongolie
87%
Son joint risque d'entraîner une panne moteur d'une l'automobile culasse
84%
Groupe de personnes causant des dommages par sa violence - 5 lettres commençant par " h " horde
76%
Linceul ou drap mortuaire - 6 lettres commençant par " s " suaire
53%
Dans la mythologie grecque c'est la mère des Titans ? - 4 lettres Gaïa
51%
Quel acteur incarne "Perceval le Gallois" d'Eric Rohmer en 1978 ? prénom et nom - voir photo Fabrice Luchini
49%
Groupe nombreux de jeunes enfants bruyants (familier) - 9 lettres commençant par " m " marmaille
47%
Troupe de bêtes sauvages vivant ensemble - 5 lettres commençant par " h " harde
38%
Épée longue et droite (anciennement) - Pointe de l'épée (par extension) estoc
21%
Quelle rivière forme la frontière entre la République centrafricaine et la République démocratique du Congo ? Oubangui
4%
Aucun quiz correspondant
Distribution des résultats
% des personnes avec chaque résultat
Percentile par nombre de réponses
Votre historique - résultats
Vous n’avez pas pris ce quiz